منهجُ دراسة الأديان بين محيي الدِّين الأصفهاني ت.722 هـ وشمس الدين الدمشقي ت.727 هـ : (رقم التسجيلة. 180104)

تفاصيل مارك
000 -LEADER
fixed length control field 03983namaa22004211i 4500
003 - CONTROL NUMBER IDENTIFIER
control field OSt
005 - أخر تعامل مع التسجيلة
control field 20260511130458.0
008 - FIXED-LENGTH DATA ELEMENTS--GENERAL INFORMATION
fixed length control field 250827s2025 ua a|||frm||| 000 0 eng d
040 ## - CATALOGING SOURCE
Original cataloguing agency EG-GICUC
Language of cataloging ara
Transcribing agency EG-GICUC
Modifying agency EG-GICUC
Description conventions rda
041 0# - LANGUAGE CODE
Language code of text/sound track or separate title ara
Language code of summary or abstract ara
-- eng
049 ## - Acquisition Source
Acquisition Source إيداع
082 04 - DEWEY DECIMAL CLASSIFICATION NUMBER
Classification number 189.1
092 ## - LOCALLY ASSIGNED DEWEY CALL NUMBER (OCLC)
Classification number 189.1
Edition number 21
097 ## - Degree
Degree مــــاجستير
099 ## - LOCAL FREE-TEXT CALL NUMBER (OCLC)
Local Call Number Cai01.06.06.M.Sc.2025.مح.م
100 0# - MAIN ENTRY--PERSONAL NAME
Authority record control number or standard number ،محمد سلامة أبو شعيشع
Preparation إعداد.
245 10 - TITLE STATEMENT
Title منهجُ دراسة الأديان بين محيي الدِّين الأصفهاني ت.722 هـ وشمس الدين الدمشقي ت.727 هـ :
Remainder of title دراسة تحليلية مقارنة /
Statement of responsibility, etc. إعداد محمد سلامة أبو شعيشع؛ إشراف أ.د.محمد عبد الله الشرقاوي، د.هدى فريد جمال.
246 15 - VARYING FORM OF TITLE
Title proper/short title The method of studying religions between muhyi al-din al-asfahani d. 722 ah and shams al-din al-dimashqi d. 727 ah :
Remainder of title Comparative analytical study /
264 #0 - PRODUCTION, PUBLICATION, DISTRIBUTION, MANUFACTURE, AND COPYRIGHT NOTICE
Date of production, publication, distribution, manufacture, or copyright notice 2025.
300 ## - PHYSICAL DESCRIPTION
Extent 312 صفحة :
Other physical details إيضاحيات ؛
Dimensions 30 سم. +
Accompanying material CD.
336 ## - CONTENT TYPE
Content type term text
Source rda content
337 ## - MEDIA TYPE
Media type term Unmediated
Source rdamedia
338 ## - CARRIER TYPE
Carrier type term volume
Source rdacarrier
502 ## - DISSERTATION NOTE
Dissertation note أطروحة (ماجستير)-جامعة القاهرة، 2025.
504 ## - BIBLIOGRAPHY, ETC. NOTE
Bibliography, etc. note ببليوجرافيا: صفحات 291-305.
520 ## - SUMMARY, ETC.
Summary, etc. تناولت الدراسة بالبحث والمناقشة منهج عالمين من علماء الإسلام في الفترة ما بين (650هـ- 727هـ) فيما يتعلق بآرائهما في بعضٍ من أهم قضايا الأديان في عصرهما، كإثبات النبوة المحمدية. كما تتناول الرسالة أيضًا التأكيد على إفراد الله تعالى بالتوحيد، والاعتقاد بنُبوَّة المسيح عيسى بن مريم عليهما السلام، وبشريته، ورفض الاعتقاد القائل بالثالوث المسيحي (الأب، الابن، الروح القدس)، والكشف بالدراسة والتحليل عن مدى أصالة العهدين القديم والجديد، ببيان وقوع التبديل والتحريف للكتاب المنزل على موسى عليه السلام، ونفي الإلهية عن الأناجيل الأربعة، وعن دور بولس الرسولي فيما آلت إليه المسيحية من أفكار وعقائد، إضافة إلى ما أثارته الرسالة القبرصية من مواضيع وشبهاتٍ أجاب عنها الشمس الدمشقي، وغير ذلك من قضايا.
520 ## - SUMMARY, ETC.
Summary, etc. The study focused on the methodology of two Islamic scholars from the period between (650 AH - 727 AH), examining their views on some of the most essential issues related to religions in their era. Among these issues is the proof of the prophethood of Muhammad, highlighting the biblical prophecies concerning him (peace be upon him) and the discussions surrounding these textual references. It also emphasizes that the message of Muhammad is universal, not limited by gender or region and that it supersedes previous heavenly laws.
530 ## - ADDITIONAL PHYSICAL FORM AVAILABLE NOTE
Issues CD صدر أيضًا كقرص مدمج.
546 ## - LANGUAGE NOTE
Text Language النص بالعربية والملخص باللغة الإنجليزية والعربية.
650 #7 - SUBJECT ADDED ENTRY--TOPICAL TERM
Topical term or geographic name entry element الفلسفة الإسلامية
Source of heading or term qrmak
653 #0 - INDEX TERM--UNCONTROLLED
Uncontrolled term المنهج الأديان
-- محيي الدين الأصفهاني
-- شمس الدين الدمشقي
700 0# - ADDED ENTRY--PERSONAL NAME
Personal name محمد عبد الله الشرقاوي
Relator term مشرف أطروحة.
700 0# - ADDED ENTRY--PERSONAL NAME
Personal name هدى فريد جمال
Relator term مشرف أطروحة.
900 ## - Thesis Information
Grant date 15-05-2025
Supervisory body محمد عبد الله الشرقاوي
-- هدى فريد جمال
Discussion body مختار عطا الله
-- عادل أمين
Universities جامعة القاهرة
Faculties كلية دار العلوم
Department قسم الفلسفة الإسلامية
905 ## - Cataloger and Reviser Names
Cataloger Name Sara Salah
942 ## - ADDED ENTRY ELEMENTS (KOHA)
Source of classification or shelving scheme Dewey Decimal Classification
Koha item type Thesis
Edition 21
Suppress in OPAC No
المقتنيات
Source of classification or shelving scheme Home library Current library Date acquired Inventory number Full call number Barcode Date last seen Effective from Koha item type
Dewey Decimal Classification المكتبة المركزبة الجديدة - جامعة القاهرة قاعة الرسائل الجامعية - الدور الاول 11.05.2026 33198 Cai01.06.06.M.Sc.2025.مح.م 01010100033198000 11.05.2026 11.05.2026 Thesis
Cairo University Libraries Portal Implemented & Customized by: Eng. M. Mohamady Contacts: new-lib@cl.cu.edu.eg | cnul@cl.cu.edu.eg
CUCL logo CNUL logo
© All rights reserved — Cairo University Libraries
CUCL logo
Implemented & Customized by: Eng. M. Mohamady Contact: new-lib@cl.cu.edu.eg © All rights reserved — New Central Library
CNUL logo
Implemented & Customized by: Eng. M. Mohamady Contact: cnul@cl.cu.edu.eg © All rights reserved — Cairo National University Library